| 000 | 04332nab a2200313 i 4500 | ||
|---|---|---|---|
| 003 | BR-BrBNA | ||
| 005 | 20230824080658.0 | ||
| 008 | 230605b2021 bl.ar|pooa||| 00| 0 por | | ||
| 040 |
_aBR-BrBNA _bpor |
||
| 072 |
_aF03 _b1122 |
||
| 072 | _aF02 | ||
| 100 | _aPaixão, Marcus Vinicius Sandoval | ||
| 100 | _aGrobério, Rafaela Barreto Cazaroto | ||
| 100 | _aHoffay, Ana Cecília Nepomuceno | ||
| 100 | _aCorrea, Angélica Couto | ||
| 100 | _aCremonini, Gustavo Miranda | ||
| 245 | _aÁcido giberélico na germinação de sementes e desenvolvimento inicial de plântulas de mamoeiro | ||
| 500 | _aPublicação on-line; 20 ref.; 2 tables; 7 illus.; Summaries (En, Pt) | ||
| 520 | _a As sementes de mamão apresentam dormência pós-colheita dificultando a propagação. Métodos para superar a dormência destas sementes têm sido testados, com destaque para os reguladores de crescimento. Objetivou-se avaliar o efeito do ácido giberélico na germinação e desenvolvimento inicial de plântulas de mamoeiro. O experimento foi conduzido no Laboratório de Propagação de Plantas do Instituto Federal do Espírito Santo, Campus Santa Teresa com a variedade Formosa. As sementes foram imersas por 30 minutos em água pura como testemunha e em diferentes doses de ácido giberélico e submetidas aos tratamentos com solução de giberelina 1.000 mg L-1, 2.000 mg L-1, 3.000 mg L-1, 4.000 mg L-1, colocadas para germinar em papel Germitest®, em câmara tipo B.O.D. a 25°C, luminosidade 12/12 horas. Durante 30 dias, foi avaliada a porcentagem de germinação; índice de velocidade de germinação; tempo médio de germinação. Após 60 dias do início da germinação da primeira semente, foram avaliadas: número de folhas; comprimento da raiz; altura da parte aérea; massa verde das folhas; massa seca das folhas; massa verde da raiz; massa seca da raiz, sendo selecionadas aleatoriamente para avaliação dez plantas por repetição em cada tratamento. O ácido giberélico respondeu positivamente na germinação das sementes e desenvolvimento das plântulas de mamoeiro, sendo que, a dosagem de GA3 2.000 mg L-1 pode ser recomendada para a cultura. Palavras-chave: Mamão, dormência, reguladores. | ||
| 520 | _aGiberelic acid in seed germination and initial development of papaya seedlings. Papaya seeds have postharvest dormancy, making sexual propagation difficult. Methods to overcome the dormancy of these seeds have been tested, with emphasis on the use of growth regulators. The objective was to evaluate the effect of gibberellic acid on the germination and initial development of papaya seedlings. The experiment was conducted at the Plant Propagation Laboratory of the IFES Campus Santa Teresa with the beautiful variety. The seeds were immersed for 30 minutes in natural water and different doses of gibberellic acid, and submitted to treatments gibberellin solution 1,000 mg L-1, 2,000 mg L-1, 3,000 mg L-1, 4,000 mg L-1, placed to germinate on germitest paper, BOD chamber at 25°C, brightness 12/12 hours. For thirty days, the germination percentage was evaluated; germination speed index; average germination time. Sixty days after germination of the first seed, the following were evaluated: number of leaves; root length; aerial part height; green leaf mass; dry leaf mass; green root mass; dry root mass, with ten plants per replication being randomly selected for each treatment. Gibberellic acid responded positively in germination of seeds and development of papaya seedlings, and the dosage of GA3 2,000 mg L-1 can be recommended for culture. Key words: Papaya, numbness, regulators. | ||
| 650 | _aMAMÃO | ||
| 650 | _aDORMÊNCIA | ||
| 650 | _aREGULADOR DE CRESCIMENTO | ||
| 773 | 0 |
_01823 _925140 _dItabuna-BA Comissão Executiva do Plano de Lavoura Cacaueira 1989 _o2023-435719 _tAgrotrópica (Brazil) _x0103-3816 _gv. 33(2) p. 143-148; (May-Aug 2021) _wBR2023000620 |
|
| 856 | _uhttps://www.gov.br/agricultura/pt-br/assuntos/ceplac/publicacoes/revista-agrotropica/artigos/2021/copy_of_01033816.2021v33n2p143148.pdf | ||
| 856 | _uhttps://www.gov.br/agricultura/pt-br/assuntos/ceplac/publicacoes/revista-agrotropica/revista-volumes/2000-a-2010/RevistaAgrotropicaVol.33n22021.pdf | ||
| 942 | _cAnalítica | ||
| 999 |
_c9309 _d9309 |
||